[Event "Ruhrgebiet Regionalliga 1819"]
[Site "Nordrheinwestfalen"]
[Date "2018.09.02"]
[Round "1.4"]
[White "Biermann, Lenhard"]
[Black "Nachbar, Benjamin"]
[Result "1/2-1/2"]
[WhiteElo "2098"]
[BlackElo "2068"]
[PlyCount "79"]
[EventDate "2018.09.02"]
[EventType "team-tourn"]
[EventRounds "11"]
[EventCountry "GER"]
[SourceTitle "EXT 2022"]
[Source "ChessBase"]
[SourceDate "2021.10.06"]
[SourceVersion "1"]
[SourceVersionDate "2021.10.06"]
[SourceQuality "1"]
[WhiteTeam "Bochum SG II"]
[BlackTeam "Muelheim Nord III"]
[WhiteTeamCountry "GER"]
[BlackTeamCountry "GER"]

1. d4 d6 2. Nf3 Bg4 3. g3 Nf6 4. Bg2 e6 5. 0-0 Be7 6. b3 0-0 7. Bb2 Nbd7 8. Nbd2 Bxf3 9. Nxf3 Ne4 10. Nd2 Nxd2 11. Qxd2 d5 12. c4 c6 13. Rad1 Nf6 14. f3 Qb6 15. e4 dxe4 16. fxe4 e5 17. Kh1 exd4 18. Bxd4 c5 19. Bc3 Rad8 20. Qf2 Rxd1 21. Rxd1 Qe6 22. e5 Ng4 23. Qe2 b6 24. Bd5 Qg6 25. h3 Nh6 26. g4 Kh8 27. Rf1 f5 28. exf6 Bxf6 29. Bxf6 gxf6 30. Qe7 Qg7 31. Re1 Ng8 32. Qxg7+ Kxg7 33. Kh2 Rd8 34. Kg3 Rd7 35. Re3 Ne7 36. Be4 h6 37. a4 Kf7 38. h4 Rd2 39. h5 a5 40. Kf3 1/2-1/2

[Event "Vlissingen HZ op 22nd"]
[Site "Vlissingen"]
[Date "2018.08.08"]
[Round "6"]
[White "Nlv, Anusha"]
[Black "Nachbar, Benjamin"]
[Result "1-0"]
[WhiteElo "1898"]
[BlackElo "2123"]
[PlyCount "77"]
[EventDate "2018.08.04"]
[EventType "swiss"]
[EventRounds "9"]
[EventCountry "NED"]
[SourceTitle "CBM 185 Extra"]
[Source "ChessBase"]
[SourceDate "2018.07.29"]
[SourceVersion "1"]
[SourceVersionDate "2018.07.29"]
[SourceQuality "1"]

1. d4 Nf6 2. Nf3 g6 3. Nc3 d5 4. Bf4 c6 5. e3 Bg4 6. Be2 Bg7 7. h3 Bxf3 8. Bxf3 0-0 9. Qd2 Re8 10. 0-0 Nbd7 11. e4 dxe4 12. Nxe4 Nxe4 13. Bxe4 Bxd4 14. Qxd4 e5 15. Qd2 exf4 16. Qxf4 Qf6 17. Qxf6 Nxf6 18. Bf3 Kf8 19. Rad1 Rad8 20. g3 Rxd1 21. Rxd1 Ke7 22. Kf1 Rd8 23. Rxd8 Kxd8 24. Ke2 Kd7 25. Ke3 h6 26. h4 Ne8 27. Kd4 Kd6 28. b4 Nc7 29. c4 Ne6+ 30. Kd3 c5 31. b5 b6 32. Bd5 Ke5 33. Bxe6 fxe6 34. Ke3 Kf5 35. f3 h5 36. a3 Ke5 37. g4 Kf6 38. gxh5 gxh5 39. Ke4 1-0

[Event "Unna op"]
[Site "Unna"]
[Date "2016.12.29"]
[Round "5"]
[White "Gerlach, Felix Tobias"]
[Black "Nachbar, Benjamin"]
[Result "1-0"]
[WhiteElo "1880"]
[BlackElo "2130"]
[PlyCount "75"]
[EventDate "2016.12.27"]
[EventType "swiss"]
[EventRounds "7"]
[EventCountry "GER"]
[SourceTitle "EXT 2018"]
[Source "ChessBase"]
[SourceDate "2017.10.13"]
[SourceVersion "1"]
[SourceVersionDate "2017.10.13"]
[SourceQuality "1"]

1. e4 c6 2. d4 d5 3. e5 Bf5 4. h4 h5 5. Ne2 e6 6. Ng3 Bg6 7. Be2 Be7 8. Bxh5 Bxh5 9. Nxh5 g6 10. Nf4 Rxh4 11. Rxh4 Bxh4 12. g3 Be7 13. Nd3 c5 14. dxc5 Bxc5 15. Nxc5 Qa5+ 16. Nd2 Qxc5 17. Nb3 Qc7 18. f4 Qb6 19. Qd4 Qxd4 20. Nxd4 a6 21. Be3 Nd7 22. Nb3 f6 23. exf6 Ngxf6 24. 0-0-0 Ne4 25. Rg1 Ke7 26. Bd4 Rf8 27. Nd2 Nxd2 28. Kxd2 Nf6 29. Bc5+ Kf7 30. Bxf8 Kxf8 31. Re1 Kf7 32. Kd3 Nh5 33. Re3 Ng7 34. g4 Kf6 35. Ke2 Ne8 36. Rh3 e5 37. fxe5+ Kxe5 38. Re3+ 1-0

[Event "Ruhrgebiet Verbandsklasse Gruppe 1 1617"]
[Site "Germany"]
[Date "2016.12.18"]
[Round "5.1"]
[White "Nachbar, Benjamin"]
[Black "Soehnchen, Andreas"]
[Result "1/2-1/2"]
[WhiteElo "2130"]
[BlackElo "2136"]
[PlyCount "29"]
[EventDate "2016.09.04"]
[EventType "team-tourn"]
[EventRounds "9"]
[EventCountry "GER"]
[SourceTitle "EXT 2022"]
[Source "ChessBase"]
[SourceDate "2021.10.06"]
[SourceVersion "1"]
[SourceVersionDate "2021.10.06"]
[SourceQuality "1"]
[WhiteTeam "Muelheim Nord IV"]
[BlackTeam "Oberhausen SV III"]
[WhiteTeamCountry "GER"]
[BlackTeamCountry "GER"]

1. e4 c5 2. Nf3 g6 3. c3 Bg7 4. d4 cxd4 5. cxd4 d5 6. exd5 Nf6 7. Bb5+ Nbd7 8. Nc3 0-0 9. d6 exd6 10. 0-0 Nb6 11. Re1 a6 12. Bf1 Bf5 13. Bg5 h6 14. Bh4 Rc8 15. Rc1 1/2-1/2

[Event "Dieren op"]
[Site "Dieren"]
[Date "2016.08.04"]
[Round "9"]
[White "Van Osch, Mees"]
[Black "Nachbar, Benjamin"]
[Result "1/2-1/2"]
[WhiteElo "2275"]
[BlackElo "2124"]
[PlyCount "71"]
[EventDate "2016.07.26"]
[EventType "swiss"]
[EventRounds "9"]
[EventCountry "NED"]
[SourceTitle "CBM 173 Extra"]
[Source "ChessBase"]
[SourceDate "2016.08.29"]
[SourceVersion "1"]
[SourceVersionDate "2016.08.29"]
[SourceQuality "1"]

1. e4 c6 2. d4 d5 3. Nc3 dxe4 4. Nxe4 Bf5 5. Qf3 Qd5 6. Bd3 Bxe4 7. Bxe4 Qxd4 8. Ne2 Qd6 9. Bd2 Nf6 10. 0-0-0 Qe6 11. Nc3 Nxe4 12. Nxe4 g6 13. Bc3 Bh6+ 14. Kb1 0-0 15. Rhe1 Qf5 16. Qxf5 gxf5 17. Ng3 e6 18. Nh5 Rc8 19. Rd3 Kf8 20. Be5 Bg5 21. Nf6 h6 22. Red1 Na6 23. Nh7+ Ke8 24. f4 Bh4 25. Rh3 Rd8 26. Rf1 Bf2 27. Rxh6 Bd4 28. g4 fxg4 29. Nf6+ Ke7 30. Nxg4 Nc5 31. Rh7 Ne4 32. Kc1 Bxe5 33. Nxe5 Nd6 34. h4 Rg8 35. h5 Rg2 36. b3 1/2-1/2

[Event "Dieren op"]
[Site "Dieren"]
[Date "2016.08.01"]
[Round "6"]
[White "Nachbar, Benjamin"]
[Black "Bus, Tom"]
[Result "1/2-1/2"]
[WhiteElo "2124"]
[BlackElo "2226"]
[PlyCount "90"]
[EventDate "2016.07.26"]
[EventType "swiss"]
[EventRounds "9"]
[EventCountry "NED"]
[SourceTitle "CBM 173 Extra"]
[Source "ChessBase"]
[SourceDate "2016.08.29"]
[SourceVersion "1"]
[SourceVersionDate "2016.08.29"]
[SourceQuality "1"]

1. c4 c5 2. g3 g6 3. Bg2 Bg7 4. Nc3 Nc6 5. d3 d6 6. Qd2 e6 7. Bxc6+ bxc6 8. f4 Nh6 9. e4 0-0 10. Nf3 f6 11. h3 e5 12. fxe5 fxe5 13. Qg2 Rb8 14. 0-0 Nf7 15. b3 Be6 16. Kh2 Bh6 17. Bxh6 Nxh6 18. Rf2 Qe7 19. Raf1 Nf7 20. Ng1 Bd7 21. Qf3 Ng5 22. Qxf8+ Rxf8 23. Rxf8+ Qxf8 24. Rxf8+ Kxf8 25. Kg2 Ke7 26. Na4 Ne6 27. Ne2 h5 28. Nac3 Kf6 29. Nd1 Kg5 30. h4+ Kf6 31. Ne3 Nd4 32. Nxd4 exd4 33. Nd1 Bg4 34. Nb2 Ke5 35. Kf2 Kf6 36. Ke1 Ke5 37. Na4 Be6 38. a3 a5 39. Kf2 Bd7 40. Ke1 Bg4 41. Nb6 Kf6 42. Na4 Ke6 43. Kd2 Ke5 44. Ke1 Bf3 45. Nb2 Bg4 1/2-1/2

[Event "BL2-West 1516"]
[Site "Germany"]
[Date "2016.04.24"]
[Round "2.4"]
[White "Nachbar, Benjamin"]
[Black "Reinderman, Dimitri"]
[Result "0-1"]
[WhiteElo "2145"]
[BlackElo "2591"]
[PlyCount "40"]
[EventDate "2015.09.20"]
[EventType "team-tourn"]
[EventRounds "9"]
[EventCountry "GER"]
[SourceTitle "EXT 2017"]
[Source "ChessBase"]
[SourceDate "2016.10.25"]
[SourceVersion "1"]
[SourceVersionDate "2016.10.25"]
[SourceQuality "1"]
[WhiteTeam "Muelheim II"]
[BlackTeam "Koeln Porz"]
[WhiteTeamCountry "GER"]
[BlackTeamCountry "GER"]

1. f4 Nh6 2. b3 e5 3. Bb2 exf4 4. Nf3 d5 5. e3 fxe3 6. c4 Nc6 7. cxd5 Qxd5 8. Bc4 Qc5 9. Qe2 Bg4 10. 0-0 0-0-0 11. dxe3 Nf5 12. Bxf7 Nxe3 13. Rc1 Rd1+ 14. Rxd1 Nxd1+ 15. Bd4 Qxd4+ 16. Nxd4 Bxe2 17. Nxe2 Bc5+ 18. Kh1 Nf2+ 19. Kg1 Rf8 20. Be6+ Kb8 0-1

[Event "Unna op"]
[Site "Unna"]
[Date "2015.12.29"]
[Round "5"]
[White "Schulze, Marc Andre"]
[Black "Nachbar, Benjamin"]
[Result "1/2-1/2"]
[WhiteElo "2070"]
[BlackElo "2187"]
[PlyCount "40"]
[EventDate "2015.12.27"]
[EventType "swiss"]
[EventRounds "7"]
[EventCountry "GER"]
[SourceTitle "EXT 2018"]
[Source "ChessBase"]
[SourceDate "2017.10.13"]
[SourceVersion "1"]
[SourceVersionDate "2017.10.13"]
[SourceQuality "1"]

1. d4 d6 2. Bf4 Nd7 3. Nf3 g6 4. e3 Bg7 5. h3 e5 6. Bh2 Nh6 7. Be2 0-0 8. 0-0 f5 9. c4 g5 10. dxe5 dxe5 11. Nc3 c6 12. Qd6 Rf6 13. Qd1 Rf8 14. Rc1 Qe7 15. a3 a5 16. Na4 Nf7 17. c5 h5 18. Bc4 g4 19. hxg4 hxg4 20. Nd2 Kh8 1/2-1/2

[Event "Maastricht Limburg op-A 9th"]
[Site "Maastricht"]
[Date "2015.05.25"]
[Round "6"]
[White "Fuchs, Judith"]
[Black "Nachbar, Benjamin"]
[Result "1-0"]
[WhiteElo "2273"]
[BlackElo "2173"]
[PlyCount "33"]
[EventDate "2015.05.22"]
[EventType "swiss"]
[EventRounds "7"]
[EventCountry "NED"]
[SourceTitle "CBM 166 Extra"]
[Source "ChessBase"]
[SourceDate "2015.06.18"]
[SourceVersion "1"]
[SourceVersionDate "2015.06.18"]
[SourceQuality "1"]

1. e4 c6 2. d4 d5 3. exd5 cxd5 4. c4 Nf6 5. Nc3 Nc6 6. Bg5 dxc4 7. Bxc4 Nxd4 8. Nge2 Ne6 9. Qxd8+ Kxd8 10. 0-0-0+ Ke8 11. Bxf6 exf6 12. Bb5+ Ke7 13. Ng3 g6 14. Nd5+ Kd6 15. Ne4+ Ke5 16. Rhe1 Nf4 17. Ng3+ 1-0

[Event "NED-chT 1415"]
[Site "Netherlands"]
[Date "2015.02.07"]
[Round "5.9"]
[White "Besseling, Michiel"]
[Black "Nachbar, Benjamin"]
[Result "1-0"]
[WhiteElo "2198"]
[BlackElo "2231"]
[PlyCount "59"]
[EventDate "2014.09.27"]
[EventType "team-tourn"]
[EventRounds "9"]
[EventCountry "NED"]
[SourceTitle "EXT 2016"]
[Source "ChessBase"]
[SourceDate "2015.10.08"]
[SourceVersion "1"]
[SourceVersionDate "2015.10.08"]
[SourceQuality "1"]
[WhiteTeam "Rotterdam"]
[BlackTeam "Voerendaal"]
[WhiteTeamCountry "NED"]
[BlackTeamCountry "NED"]

1. d4 d5 2. c4 c6 3. Nf3 Nf6 4. e3 e6 5. Nc3 Nbd7 6. Qc2 a6 7. Bd3 dxc4 8. Bxc4 b5 9. Bd3 c5 10. a4 c4 11. Be2 b4 12. Ne4 Nb6 13. Nxf6+ gxf6 14. a5 Nd7 15. Bxc4 Bb7 16. 0-0 Bd6 17. Rd1 Bxf3 18. gxf3 Rg8+ 19. Kf1 f5 20. Bd2 Qh4 21. Bxa6 Qxh2 22. Ke2 Rg2 23. Rf1 Ke7 24. Bb7 Rag8 25. a6 Nf6 26. a7 Ne4 27. fxe4 Qh5+ 28. Kd3 f4 29. e5 Bxe5 30. Qc5+ 1-0

[Event "Oberliga NRW 1415"]
[Site "Germany"]
[Date "2014.10.05"]
[Round "2.6"]
[White "Nachbar, Benjamin"]
[Black "Gutheil, Heinrich"]
[Result "1-0"]
[WhiteElo "2159"]
[BlackElo "2137"]
[PlyCount "101"]
[EventDate "2014.09.14"]
[EventType "team-tourn"]
[EventRounds "9"]
[EventCountry "GER"]
[SourceTitle "EXT 2017"]
[Source "ChessBase"]
[SourceDate "2016.10.25"]
[SourceVersion "1"]
[SourceVersionDate "2016.10.25"]
[SourceQuality "1"]
[WhiteTeam "Muelheim Nord II"]
[BlackTeam "Plettenberg"]
[WhiteTeamCountry "GER"]
[BlackTeamCountry "GER"]

1. c4 g6 2. e4 Bg7 3. d4 Nc6 4. Be3 e5 5. dxe5 Nxe5 6. Nc3 Ne7 7. f4 N5c6 8. Rc1 0-0 9. c5 Re8 10. Kf2 b6 11. Nf3 bxc5 12. Bxc5 Rb8 13. b3 d6 14. Be3 Nb4 15. a3 Nbc6 16. b4 h6 17. Bc4 Be6 18. Bxe6 fxe6 19. Qb3 Qd7 20. Rhd1 Kh7 21. b5 Nd8 22. Bxa7 Ra8 23. Bd4 Nb7 24. Bxg7 Kxg7 25. Qb2 Kh7 26. e5 Nc5 27. Qb4 Rad8 28. Qxc5 dxc5 29. Rxd7 Rxd7 30. Ne4 Nd5 31. g3 Ra8 32. Nxc5 Re7 33. a4 Nb6 34. Ra1 Nd7 35. Ne4 c6 36. bxc6 Nb8 37. Nd4 Ra6 38. Rc1 Rc7 39. Nc5 Raxc6 40. Nxc6 Rxc6 41. a5 Na6 42. Nb3 Rxc1 43. Nxc1 g5 44. Kf3 Kg6 45. g4 gxf4 46. h4 h5 47. Kxf4 hxg4 48. Kxg4 Nc5 49. h5+ Kh6 50. Kh4 Nd7 51. a6 1-0